000 00331nam a22001457a 4500
003 SGT
020 _a978-81-7637-373-9
082 _a617.7
_bS16S
100 _aSREEDHAR,SUJA K
245 _aA TEXT BOOK OF SHALAKYA TANTRA
260 _aVARANASI
_bCHAUKHAMBA PUB
_c2016
300 _a352
650 _aAYURVEDA
942 _2ddc
_cBK
_05
999 _c16695
_d16695